[Event "Titled Tuesday intern op 07th Jun Late"]
[Site "Chess.com INT"]
[Date "2022.06.07"]
[Round "4"]
[White "Boydia, Sidi"]
[Black "Clawitter, Craig"]
[Result "1-0"]
[WhiteElo "1997"]
[BlackElo "2050"]
[PlyCount "63"]
[EventDate "2022.06.07"]
[EventType "swiss (blitz)"]
[EventRounds "11"]
[EventCountry "USA"]
[SourceTitle "CBM 208 Extra"]
[Source "ChessBase"]
[SourceDate "2022.07.31"]
[SourceVersion "1"]
[SourceVersionDate "2022.07.31"]
[SourceQuality "1"]

1. e4 e6 2. d4 d5 3. Nd2 Be7 4. Ngf3 Nf6 5. Bd3 c5 6. exd5 exd5 7. dxc5 0-0 8. Nb3 a5 9. a4 Na6 10. Be3 Re8 11. 0-0 Bg4 12. Be2 Ne4 13. Bb5 Rf8 14. c6 bxc6 15. Bxc6 Nb4 16. Bxa8 Qxa8 17. c3 Bxf3 18. Qxf3 Nc2 19. Rac1 Nxe3 20. Qxe3 Bg5 21. f4 Be7 22. Kh1 Rb8 23. c4 dxc4 24. Rxc4 Rxb3 25. Qxe4 Qd8 26. Re1 Bf8 27. Qe8 Qd6 28. Rc8 Rxb2 29. h3 g6 30. Qe5 Qd2 31. Rxf8+ Kxf8 32. Qh8# 1-0

[Event "Titled Tuesday intern op 07th Jun Late"]
[Site "Chess.com INT"]
[Date "2022.06.07"]
[Round "11"]
[White "Boydia, Sidi"]
[Black "Novikova, Galina"]
[Result "1-0"]
[WhiteElo "1997"]
[BlackElo "2073"]
[PlyCount "129"]
[EventDate "2022.06.07"]
[EventType "swiss (blitz)"]
[EventRounds "11"]
[EventCountry "USA"]
[SourceTitle "CBM 208 Extra"]
[Source "ChessBase"]
[SourceDate "2022.07.31"]
[SourceVersion "1"]
[SourceVersionDate "2022.07.31"]
[SourceQuality "1"]

1. e4 e6 2. d4 d5 3. Nd2 Nc6 4. Ngf3 g5 5. exd5 exd5 6. Bb5 Qe7+ 7. Ne5 Bd7 8. Bxc6 Bxc6 9. 0-0 Qf6 10. Ng4 Qxd4 11. Re1+ Be7 12. c3 Qg7 13. Ne5 Qf6 14. Nb3 0-0-0 15. Qg4+ Qe6 16. Qxe6+ fxe6 17. Nxc6 bxc6 18. Rxe6 Rd6 19. Re1 Bf6 20. Be3 Ne7 21. Bxa7 Ng6 22. Bc5 Rd7 23. a4 Kb7 24. a5 Nf4 25. a6+ Ka8 26. Bd4 Bxd4 27. Nxd4 c5 28. Ne6 Nd3 29. Re3 c4 30. b4 Ka7 31. Nd4 g4 32. Nc6+ Kb6 33. a7 Ra8 34. Re6 Rd6 35. Rxd6 cxd6 36. Nd4 Rxa7 37. Rxa7 Kxa7 38. Nb5+ Kb6 39. Nxd6 Nb2 40. Ne8 Nd1 41. Nf6 Kc6 42. b5+ Kxb5 43. Nxd5 Kc5 44. Nf6 Nxc3 45. Nxg4 Ne4 46. Kf1 c3 47. Ne3 Kd4 48. Ke2 Nd6 49. Nc2+ Kc4 50. f3 Kb3 51. Kd3 Nb5 52. Ne3 Na3 53. f4 Nb5 54. f5 Nc7 55. f6 Ne6 56. g4 h6 57. h4 Kb2 58. f7 Nf8 59. g5 hxg5 60. hxg5 Ng6 61. Ke4 c2 62. Nxc2 Kxc2 63. Kf5 Nf8 64. g6 Kd3 65. g7 1-0

[Event "Titled Tuesday intern op 10th May Late"]
[Site "Chess.com INT"]
[Date "2022.05.10"]
[Round "4"]
[White "Urbina Perez, Juan Antonio"]
[Black "Boydia, Sidi"]
[Result "0-1"]
[WhiteElo "2274"]
[BlackElo "1997"]
[PlyCount "70"]
[EventDate "2022.05.10"]
[EventType "swiss (blitz)"]
[EventRounds "11"]
[EventCountry "USA"]
[SourceTitle "CBM 208 Extra"]
[Source "ChessBase"]
[SourceDate "2022.07.31"]
[SourceVersion "1"]
[SourceVersionDate "2022.07.31"]
[SourceQuality "1"]

1. e4 e6 2. d4 d5 3. Nd2 c5 4. exd5 Qxd5 5. dxc5 Bxc5 6. Ngf3 Nf6 7. Bb5+ Bd7 8. Bxd7+ Nbxd7 9. 0-0 0-0 10. Nb3 Bb6 11. Qxd5 Nxd5 12. c3 N7f6 13. h3 Rfd8 14. Re1 Rac8 15. Bg5 h6 16. Bh4 Nf4 17. Ne5 g5 18. Bg3 N6h5 19. Bxf4 Nxf4 20. Rad1 f6 21. Nf3 e5 22. Nc1 Kf7 23. Kf1 h5 24. Nd2 Rd7 25. Ne4 Rcd8 26. Rxd7+ Rxd7 27. g3 Nxh3 28. Kg2 g4 29. Nb3 f5 30. Nec5 Bxc5 31. Nxc5 Rd2 32. Rxe5 Rxf2+ 33. Kh1 h4 34. Re3 f4 35. gxf4 g3 0-1

[Event "Titled Tuesday intern op 07th Dec"]
[Site "Chess.com INT"]
[Date "2021.12.07"]
[Round "2"]
[White "Boydia, Sidi"]
[Black "Bas Mas, Jose Joaquin"]
[Result "1/2-1/2"]
[WhiteElo "2025"]
[BlackElo "2260"]
[PlyCount "135"]
[EventDate "2021.12.07"]
[EventType "swiss (blitz)"]
[EventRounds "11"]
[EventCountry "USA"]
[SourceTitle "CBM 205 Extra"]
[Source "ChessBase"]
[SourceDate "2022.01.31"]
[SourceVersion "1"]
[SourceVersionDate "2022.01.31"]
[SourceQuality "1"]

1. e4 Nf6 2. e5 Nd5 3. d4 d6 4. c4 Nb6 5. exd6 cxd6 6. Nf3 g6 7. Be2 Bg7 8. 0-0 0-0 9. b3 Bg4 10. Bb2 d5 11. c5 Nc8 12. Ne5 Bxe2 13. Qxe2 Nc6 14. Nxc6 bxc6 15. Nd2 e6 16. Nf3 Ne7 17. Bc3 Nf5 18. b4 Re8 19. a4 a6 20. Ne5 Bxe5 21. Qxe5 f6 22. Qe2 e5 23. dxe5 fxe5 24. Bxe5 Nd4 25. Qd3 Rxe5 26. Qxd4 Re4 27. Qd2 Rb8 28. Rab1 Qe7 29. Rfe1 Re8 30. Kf1 Qf6 31. Rxe4 Rxe4 32. b5 axb5 33. axb5 cxb5 34. Qxd5+ Re6 35. c6 Kg7 36. Qd7+ Re7 37. Qd5 Rc7 38. Rc1 b4 39. g4 b3 40. g5 Qe7 41. Qxb3 Qe5 42. Qc3 Qxc3 43. Rxc3 Kf7 44. f4 Ke6 45. Kf2 Kd6 46. Ke3 Rxc6 47. Rxc6+ Kxc6 48. Ke4 Kd6 49. f5 gxf5+ 50. Kxf5 Ke7 51. h4 Kf7 52. h5 Kg7 53. Ke6 Kg8 54. Kf6 Kh8 55. Ke7 Kg7 56. Ke6 Kh8 57. Kf6 Kg8 58. Kf5 Kg7 59. Ke5 Kg8 60. Kf6 Kh8 61. g6 Kg8 62. h6 hxg6 63. Kxg6 Kh8 64. Kh5 Kh7 65. Kg5 Kh8 66. Kg6 Kg8 67. h7+ Kh8 68. Kh6 1/2-1/2

[Event "Titled Tuesday intern op 23rd Nov"]
[Site "Chess.com INT"]
[Date "2021.11.23"]
[Round "7"]
[White "Boydia, Sidi"]
[Black "Schrik, Rachid"]
[Result "0-1"]
[WhiteElo "2040"]
[BlackElo "2201"]
[PlyCount "78"]
[EventDate "2021.11.23"]
[EventType "swiss (blitz)"]
[EventRounds "11"]
[EventCountry "USA"]
[SourceTitle "CBM 205 Extra"]
[Source "ChessBase"]
[SourceDate "2022.01.31"]
[SourceVersion "1"]
[SourceVersionDate "2022.01.31"]
[SourceQuality "1"]

1. e4 c5 2. Nf3 Nc6 3. g3 g6 4. Bg2 Bg7 5. 0-0 d6 6. Re1 e5 7. d3 Nge7 8. Nbd2 0-0 9. Nf1 h6 10. Be3 f5 11. Qd2 Kh7 12. h3 Be6 13. N1h2 Qd7 14. h4 Rf7 15. h5 Raf8 16. hxg6+ Nxg6 17. exf5 Bxf5 18. c3 Bh3 19. Bh1 Nf4 20. d4 cxd4 21. cxd4 Nh5 22. dxe5 Nxe5 23. Nxe5 Bxe5 24. Bd5 Rg7 25. Bxh6 Bxg3 26. Be4+ Bf5 27. Bxg7 Bxh2+ 28. Kxh2 Qxg7 29. Rg1 Qe5+ 30. Kg2 Qxe4+ 31. Kf1 Bh3+ 32. Rg2 Qxg2+ 33. Ke2 Re8+ 34. Kd3 Qg6+ 35. Kc3 Qf6+ 36. Kb3 Qf3+ 37. Ka4 Bd7+ 38. Kb4 Re4+ 39. Ka5 Qf5+ 0-1

[Event "Titled Tuesday intern op 23rd Nov"]
[Site "Chess.com INT"]
[Date "2021.11.23"]
[Round "6"]
[White "Srihari, LR."]
[Black "Boydia, Sidi"]
[Result "1-0"]
[WhiteElo "2409"]
[BlackElo "2040"]
[PlyCount "89"]
[EventDate "2021.11.23"]
[EventType "swiss (blitz)"]
[EventRounds "11"]
[EventCountry "USA"]
[SourceTitle "CBM 205 Extra"]
[Source "ChessBase"]
[SourceDate "2022.01.31"]
[SourceVersion "1"]
[SourceVersionDate "2022.01.31"]
[SourceQuality "1"]

1. e4 c5 2. b4 cxb4 3. a3 d5 4. exd5 Qxd5 5. Nf3 e6 6. axb4 Bxb4 7. c3 Be7 8. Na3 Bd7 9. Nc4 Bc5 10. d4 Bd6 11. Nb6 axb6 12. Rxa8 Nf6 13. Bd3 0-0 14. 0-0 Bc6 15. Qe2 Qh5 16. Ne5 Qh4 17. f4 Nbd7 18. Rxf8+ Nxf8 19. Qf2 Qh5 20. Qe2 Qh4 21. f5 Nd5 22. fxe6 Nxe6 23. c4 Qxd4+ 24. Kh1 Nc3 25. Nxc6 bxc6 26. Bxh7+ Kxh7 27. Qh5+ Kg8 28. Qxf7+ Kh7 29. Qxe6 Qe5 30. Qxe5 Bxe5 31. Bb2 Bf6 32. Rxf6 gxf6 33. Bxc3 Kg6 34. g3 f5 35. Kg2 Kg5 36. Kf3 Kg6 37. h4 b5 38. cxb5 cxb5 39. Kf4 Kf7 40. Kxf5 Ke7 41. h5 Kd6 42. h6 Kc5 43. h7 Kc4 44. h8Q b4 45. Qd4+ 1-0

[Event "Titled Tuesday intern op 02nd Nov"]
[Site "Chess.com INT"]
[Date "2021.11.02"]
[Round "7"]
[White "Boydia, Sidi"]
[Black "Dwilewicz, Katarzyna"]
[Result "1-0"]
[WhiteElo "2040"]
[BlackElo "2111"]
[PlyCount "99"]
[EventDate "2021.11.02"]
[EventType "swiss (blitz)"]
[EventRounds "11"]
[EventCountry "USA"]
[SourceTitle "CBM 205 Extra"]
[Source "ChessBase"]
[SourceDate "2022.01.31"]
[SourceVersion "1"]
[SourceVersionDate "2022.01.31"]
[SourceQuality "1"]

1. e4 c5 2. Nc3 d6 3. g3 Nc6 4. d3 g6 5. Be3 Bg7 6. Qd2 a6 7. Bg2 e6 8. Nge2 Rb8 9. d4 cxd4 10. Nxd4 Nge7 11. Rd1 0-0 12. Nb3 Ne5 13. Qxd6 Qxd6 14. Rxd6 Nc4 15. Bc5 b6 16. Bf1 Nxd6 17. Bxd6 Rb7 18. Bxa6 Rd7 19. Bxe7 Rxe7 20. Bxc8 Rxc8 21. Kd2 Rd7+ 22. Kc1 Bxc3 23. bxc3 Rxc3 24. Kb2 Rc4 25. Re1 e5 26. Nc1 f6 27. Re3 Rdc7 28. Re2 Kf7 29. a3 Ke6 30. Nd3 h5 31. Nb4 Rc8 32. f3 g5 33. Rd2 g4 34. fxg4 hxg4 35. Nd5 Rxe4 36. Nb4 Rd4 37. Rf2 f5 38. c3 Rd1 39. a4 Rcd8 40. Kb3 R8d2 41. Rxd2 Rxd2 42. Kc4 Rxh2 43. Kb5 Ra2 44. Nxa2 f4 45. Nc1 f3 46. Nd3 e4 47. Nf4+ Kf5 48. Nd5 f2 49. Ne3+ Ke5 50. Kc4 1-0

[Event "Titled Tuesday intern op 02nd Nov"]
[Site "Chess.com INT"]
[Date "2021.11.02"]
[Round "2"]
[White "Matsuura, Frederico"]
[Black "Boydia, Sidi"]
[Result "0-1"]
[WhiteElo "2244"]
[BlackElo "2040"]
[PlyCount "104"]
[EventDate "2021.11.02"]
[EventType "swiss (blitz)"]
[EventRounds "11"]
[EventCountry "USA"]
[SourceTitle "CBM 205 Extra"]
[Source "ChessBase"]
[SourceDate "2022.01.31"]
[SourceVersion "1"]
[SourceVersionDate "2022.01.31"]
[SourceQuality "1"]

1. d4 d5 2. c4 e5 3. dxe5 d4 4. a3 Nc6 5. e3 dxe3 6. Qxd8+ Kxd8 7. Bxe3 Nxe5 8. Nf3 Nxf3+ 9. gxf3 Be6 10. Nc3 Nf6 11. 0-0-0+ Kc8 12. Be2 Be7 13. Rhg1 g6 14. Rd2 Rd8 15. Rxd8+ Kxd8 16. Kc2 a6 17. c5 Ke8 18. b4 Nd5 19. Nxd5 Bxd5 20. Bd4 Rd8 21. Kc3 f5 22. f4 Kf7 23. Bc4 Bxc4 24. Kxc4 Bf6 25. Be3 c6 26. a4 Re8 27. Rb1 Re4+ 28. Kd3 Bd8 29. f3 Re7 30. b5 Rd7+ 31. Kc4 axb5+ 32. axb5 Re7 33. Bd4 Re2 34. bxc6 bxc6 35. Rb7+ Re7 36. Rb8 Rd7 37. Rc8 Bc7 38. Be5 Bxe5 39. fxe5 Rd2 40. Rxc6 Rxh2 41. Ra6 Re2 42. f4 Re4+ 43. Kd5 Rxf4 44. Ra7+ Ke8 45. c6 Rf1 46. Ke6 Kd8 47. Rxh7 Rc1 48. c7+ Kc8 49. Kf6 Rc6+ 50. e6 f4 51. Ke5 f3 52. Kd5 Rxc7 0-1

[Event "Titled Tuesday intern op 02nd Nov"]
[Site "Chess.com INT"]
[Date "2021.11.02"]
[Round "8"]
[White "Rosenberg, Evan"]
[Black "Boydia, Sidi"]
[Result "0-1"]
[WhiteElo "2125"]
[BlackElo "2040"]
[PlyCount "60"]
[EventDate "2021.11.02"]
[EventType "swiss (blitz)"]
[EventRounds "11"]
[EventCountry "USA"]
[SourceTitle "CBM 205 Extra"]
[Source "ChessBase"]
[SourceDate "2022.01.31"]
[SourceVersion "1"]
[SourceVersionDate "2022.01.31"]
[SourceQuality "1"]

1. Nf3 d5 2. d4 c6 3. c4 e6 4. Nc3 dxc4 5. a4 Bb4 6. e4 Nf6 7. Bg5 Qa5 8. Bd2 c5 9. Bxc4 cxd4 10. Nxd4 Qc5 11. Bb5+ Bd7 12. Nb3 Qb6 13. 0-0 Bxc3 14. Bxc3 Bxb5 15. axb5 Qxb5 16. Bxf6 gxf6 17. Ra5 Qd7 18. Qg4 Nc6 19. Rd1 Qc7 20. Rh5 Ke7 21. Nc5 Ne5 22. Rxe5 Qxe5 23. Rd7+ Ke8 24. Qg7 Rf8 25. Nxe6 Qxe6 26. Rd1 Rd8 27. Rxd8+ Kxd8 28. Qxf8+ Kd7 29. Qb4 b6 30. h3 Kc7 0-1

[Event "Titled Tuesday intern op 19th Oct"]
[Site "Chess.com INT"]
[Date "2021.10.19"]
[Round "10"]
[White "Kruckenhauser, Arthur"]
[Black "Boydia, Sidi"]
[Result "0-1"]
[WhiteElo "2235"]
[BlackElo "2040"]
[PlyCount "112"]
[EventDate "2021.10.19"]
[EventType "swiss (blitz)"]
[EventRounds "11"]
[EventCountry "USA"]
[SourceTitle "CBM 204 Extra"]
[Source "ChessBase"]
[SourceDate "2021.11.30"]
[SourceVersion "1"]
[SourceVersionDate "2021.11.30"]
[SourceQuality "1"]

1. e4 c5 2. Nf3 e6 3. b3 Nc6 4. Bb2 Qc7 5. c4 Nf6 6. e5 Ng8 7. g3 b6 8. Bg2 Bb7 9. 0-0 Nge7 10. Qe2 Ng6 11. h4 0-0-0 12. h5 Nge7 13. Ng5 Re8 14. Nxf7 Rg8 15. Nd6+ Kb8 16. Nxe8 Qd8 17. Nd6 Ba8 18. Nc3 g6 19. hxg6 Nxg6 20. Ncb5 Qg5 21. Qe3 Qe7 22. Bxc6 Bxc6 23. Nxa7 Ba8 24. Nac8 Qd8 25. f3 Nh4 26. Kh2 Be7 27. gxh4 Bxd6 28. Qf4 Be7 29. Nxe7 Qxe7 30. Rg1 Rf8 31. Qg5 Qf7 32. f4 h6 33. Qf6 Qe8 34. Qg6 Qc8 35. Qg3 Qc6 36. d4 Qe4 37. dxc5 Qc2+ 38. Rg2 Bxg2 39. Qxg2 Qf5 40. Rf1 bxc5 41. Ba3 Rc8 42. Qf2 Rg8 43. Bxc5 Rg4 44. Bd6+ Kb7 45. Qf3+ Ka7 46. Bc5+ Kb8 47. Bd6+ Ka7 48. Qf2+ Kb7 49. Rg1 Rxf4 50. Qg2+ Rf3 51. Qg3 Rxg3 52. Rxg3 Qc2+ 53. Rg2 Qd1 54. Kh3 Qf3+ 55. Rg3 Qf1+ 56. Kg4 Qf5# 0-1

[Event "Titled Tuesday intern op 05th Oct"]
[Site "Chess.com INT"]
[Date "2021.10.05"]
[Round "7"]
[White "Antonova, Nadezhda"]
[Black "Boydia, Sidi"]
[Result "0-1"]
[WhiteElo "1842"]
[BlackElo "2040"]
[PlyCount "86"]
[EventDate "2021.10.05"]
[EventType "swiss (blitz)"]
[EventRounds "11"]
[EventCountry "USA"]
[SourceTitle "CBM 204 Extra"]
[Source "ChessBase"]
[SourceDate "2021.11.30"]
[SourceVersion "1"]
[SourceVersionDate "2021.11.30"]
[SourceQuality "1"]

1. d4 d5 2. Nf3 c6 3. e3 e6 4. Nbd2 Nf6 5. Bd3 Bd6 6. 0-0 Nbd7 7. b3 Qe7 8. Bb2 e5 9. dxe5 Nxe5 10. Be2 0-0 11. c4 dxc4 12. Nxc4 Nxc4 13. Bxc4 Bg4 14. h3 Bh5 15. Be2 Rad8 16. Qc1 Bb8 17. Rd1 Ne4 18. Qc4 Rfe8 19. Rd4 Rxd4 20. Qxd4 Nf6 21. Rd1 Bg6 22. Bc3 c5 23. Qh4 Bc7 24. b4 Bb6 25. a4 cxb4 26. Bxb4 Bc5 27. Bxc5 Qxc5 28. Bb5 Rf8 29. Qd4 Qc8 30. Ne5 a6 31. Nxg6 hxg6 32. Bc4 Qf5 33. Be2 Re8 34. Bf3 b5 35. axb5 axb5 36. Qb4 Qe5 37. Rb1 Rb8 38. Rc1 Nd5 39. Qb3 Nf6 40. Qb4 Kh7 41. Rc5 Qe7 42. Qc3 b4 43. Qc2 b3 0-1

[Event "Titled Tuesday intern op 05th Oct"]
[Site "Chess.com INT"]
[Date "2021.10.05"]
[Round "11"]
[White "Smietanska, Wiktoria"]
[Black "Boydia, Sidi"]
[Result "0-1"]
[WhiteElo "1777"]
[BlackElo "2040"]
[PlyCount "48"]
[EventDate "2021.10.05"]
[EventType "swiss (blitz)"]
[EventRounds "11"]
[EventCountry "USA"]
[SourceTitle "CBM 204 Extra"]
[Source "ChessBase"]
[SourceDate "2021.11.30"]
[SourceVersion "1"]
[SourceVersionDate "2021.11.30"]
[SourceQuality "1"]

1. c4 e5 2. Nc3 Nc6 3. Nf3 Nf6 4. e4 Bc5 5. Nxe5 Bxf2+ 6. Kxf2 Nxe5 7. d4 Ng6 8. e5 Ng8 9. h4 Nxh4 10. Qg4 Ng6 11. Bg5 N8e7 12. Nd5 d6 13. Qf3 c6 14. Nxe7 Nxe7 15. exd6 Qxd6 16. Re1 f6 17. Bf4 Qxd4+ 18. Re3 Kf7 19. c5 Be6 20. Bd3 Nd5 21. Qe4 Qxe4 22. Rxe4 Bf5 23. Rd4 Bxd3 24. Rxd3 Nxf4 0-1

[Event "Titled Tuesday intern op 21st Sept"]
[Site "Chess.com INT"]
[Date "2021.09.21"]
[Round "6"]
[White "Boydia, Sidi"]
[Black "Einarsson, Halldor Gretar"]
[Result "1-0"]
[WhiteElo "2040"]
[BlackElo "2227"]
[PlyCount "49"]
[EventDate "2021.09.21"]
[EventType "swiss (blitz)"]
[EventRounds "9"]
[EventCountry "USA"]
[SourceTitle "EXT 2022"]
[Source "ChessBase"]
[SourceDate "2021.10.06"]
[SourceVersion "1"]
[SourceVersionDate "2021.10.06"]
[SourceQuality "1"]

1. e4 e5 2. Bc4 Nc6 3. Nf3 Nf6 4. d4 exd4 5. 0-0 d5 6. exd5 Nxd5 7. Nxd4 Be7 8. Re1 Na5 9. Bxd5 Qxd5 10. Nc3 Qd8 11. Bg5 f6 12. Bh4 0-0 13. Ne6 Bxe6 14. Rxe6 Nc4 15. Qxd8 Bxd8 16. b3 Kf7 17. Re2 Nd6 18. Bg3 Nf5 19. Rd1 Nxg3 20. Rd7+ Kg6 21. hxg3 f5 22. Nd5 c6 23. Re6+ Kg5 24. Rxg7+ Kh5 25. Nf4# 1-0

[Event "Titled Tuesday intern op 21st Sept"]
[Site "Chess.com INT"]
[Date "2021.09.21"]
[Round "4"]
[White "Boydia, Sidi"]
[Black "Ziatdinov, Raset"]
[Result "1-0"]
[WhiteElo "2040"]
[BlackElo "2213"]
[PlyCount "93"]
[EventDate "2021.09.21"]
[EventType "swiss (blitz)"]
[EventRounds "9"]
[EventCountry "USA"]
[SourceTitle "EXT 2022"]
[Source "ChessBase"]
[SourceDate "2021.10.06"]
[SourceVersion "1"]
[SourceVersionDate "2021.10.06"]
[SourceQuality "1"]

1. e4 c5 2. Nc3 g6 3. g3 Bg7 4. d3 Nc6 5. Be3 d6 6. Bg2 Nf6 7. h3 0-0 8. Qd2 Rb8 9. a4 a6 10. Nge2 b5 11. axb5 axb5 12. 0-0 b4 13. Nd1 Bd7 14. f4 h5 15. c3 bxc3 16. bxc3 Qc8 17. Kh2 Be6 18. Nf2 Nd7 19. d4 cxd4 20. cxd4 Bc4 21. Rac1 Bxe2 22. Qxe2 Qb7 23. e5 Rfc8 24. Qf3 d5 25. Qxd5 Qb3 26. Rxc6 Qxe3 27. Rxc8+ Rxc8 28. Qxd7 Rc3 29. Nh1 Rd3 30. Rf3 Qe2 31. Rxd3 Qxd3 32. d5 h4 33. Qxe7 hxg3+ 34. Nxg3 Bh6 35. e6 fxe6 36. Qxe6+ Kh8 37. Qe5+ Bg7 38. Qe4 Qd2 39. Qxg6 Qxf4 40. Qe8+ Kh7 41. Qe4+ Qxe4 42. Bxe4+ Kh6 43. Kg2 Be5 44. Kf3 Kg5 45. Nf5 Kf6 46. Kg4 Bc7 47. h4 1-0

[Event "Titled Tuesday intern op 21st Sept"]
[Site "Chess.com INT"]
[Date "2021.09.21"]
[Round "5"]
[White "Chernobay, Artem"]
[Black "Boydia, Sidi"]
[Result "1-0"]
[WhiteElo "2484"]
[BlackElo "2040"]
[PlyCount "113"]
[EventDate "2021.09.21"]
[EventType "swiss (blitz)"]
[EventRounds "9"]
[EventCountry "USA"]
[SourceTitle "EXT 2022"]
[Source "ChessBase"]
[SourceDate "2021.10.06"]
[SourceVersion "1"]
[SourceVersionDate "2021.10.06"]
[SourceQuality "1"]

1. d4 d5 2. c4 e5 3. dxe5 d4 4. Nf3 Nc6 5. a3 Bg4 6. g3 Qd7 7. Bg2 0-0-0 8. 0-0 Nge7 9. Bg5 Bh3 10. b4 Bxg2 11. Kxg2 Qe6 12. Nbd2 Nxe5 13. Nxe5 Qxe5 14. Nf3 Qe4 15. Qd3 Qxd3 16. exd3 f6 17. Bd2 Ng6 18. h4 h5 19. Rfe1 c5 20. Rab1 b6 21. a4 Bd6 22. a5 Rhe8 23. axb6 axb6 24. bxc5 Bxc5 25. Red1 Kb7 26. Bb4 Kc6 27. Bxc5 bxc5 28. Rb5 Rb8 29. Rdb1 Rxb5 30. cxb5+ Kb6 31. Nd2 Ne5 32. Rb3 g5 33. hxg5 fxg5 34. f4 gxf4 35. gxf4 Nxd3 36. Nc4+ Kb7 37. Nd6+ Kb6 38. Nxe8 c4 39. Rxd3 cxd3 40. Kf3 Kxb5 41. f5 Kc6 42. Nf6 Kd6 43. Kf4 h4 44. Ne4+ Ke7 45. Kg4 d2 46. Nxd2 Kf6 47. Ne4+ Ke5 48. f6 Ke6 49. Kxh4 d3 50. Kg5 Ke5 51. Nd2 Kd4 52. f7 Kc3 53. Nf3 Kc2 54. Ne1+ Kc3 55. Nxd3 Kd4 56. f8Q Kxd3 57. Qd6+ 1-0